000 00912cam a2200277 4500
001 J2021
008 090401t1992 xxu||||| |||| 00| 0 eng d
035 _a(Sirsi) u46788
041 _aeng
050 _a692.8
090 _aJCT 1992/8A
110 _aJoint Contracts Tribunal
_93664
245 _aContractor`s Designed Portion Supplement (1981) for use with the Standard Form of Building Contract with Quantities 1980 edition ... Practice Note CD/2. Revised December 1992.
260 _aLondon
_bRIBA Publications Ltd.
_c1992
300 _a24p. ; 30cm.
350 _a6.8
490 _aJCT Practice Note
_vCD/2
520 _aFor original Supplement see JCT 1981/2AC.
650 _aJCT CDPS
650 _aInsurance
_96249
650 _aJCT STANDARD FORM OF CONTRACT 1980
650 _aPRACTICE NOTE CD/2
690 _aBUILT ENVIRONMENT-BUILDING CONTRACT FORMS
942 _n0
948 _c04/03/1997
999 _c92003
_d92003